CefzilR cefprozilum liek

Bibliographic Details
Main Author: Kostiuk, Pavel, 1946- (Author)
Format: Article
Language:Slovak
PhysicalDescription:Obr.
ISSN:1336-3239
Subjects:

MARC

LEADER 00000nab a2200000 a 4500
001 vtls008951666
003 SK-MaSNL
005 20260304144614.0
008 250505c2006 xo fr|p|||||||000 b|slo
015 |a SNBRB2007/02 
035 |a (sysno)vtls008951666 
035 |a urn:nbn:sk:snk-ab7d5g 
035 |a (uuid)88e4e152-3c21-42d6-a777-a2389d1250a5 
035 |a (urnnbn)urn:nbn:sk:snk:ar-a07lpz 
038 |a SNKBUCL 
040 |a SNKBUCL  |b slo  |c SNKBUCL  |e AACR2 
041 0 |a slo 
044 |a xo  |c SK 
080 |a 615.33  |2 2001 
100 1 |a Kostiuk, Pavel,  |d 1946-  |4 aut  |9 196029 
245 1 0 |a CefzilR cefprozilum  |b liek  |c Pavel Kostiuk 
300 |b Obr. 
504 |a Bibliogr. odkazy 
650 0 7 |a CefzilR (liek)  |2 snkbucl  |9 1466324 
650 0 7 |a cefprozil  |2 snkbucl  |9 1209746 
650 0 7 |a cefalosporíny  |2 snkbucl  |9 16779 
773 0 |t Medinews  |g Roč. 4, č. 1 (2006), s. 50-51  |x 1336-3239 
850 |a Slovenská národná knižnica 
852 |a Slovenská národná knižnica 
954 |a odborná, vedecká literatúra pôvodná (slovenská)  |2 lita 
958 |a article2022 
958 |a OND 
958 |a MI 
958 |a NB 
958 |a EUIPO 
999 |c 2932213  |d 2934143